Russian Federal Subject Flags - Statistics

General Stats
  • This quiz has been taken 300 times
  • The average score is 37 of 83
Answer Stats
Picture Answer % Correct
Sakhalin
78%
North Ossetia
70%
Buryatia
68%
Tatarstan
66%
Tuva
66%
Kalmykia
65%
Sakha
65%
Udmurtia
65%
Ingushetia
64%
Adygea
63%
Volgograd
63%
Dagestan
60%
Jewish Autonomous Oblast
59%
Mordovia
59%
Chechnya
58%
Kaliningrad
56%
Chuvashia
55%
Karelia
53%
Krasnodar
53%
Nenets
53%
Bashkortostan
52%
Chukotka
52%
Kamchatka
52%
Moscow (City)
52%
Arkhangelsk
51%
Chelyabinsk
50%
Moscow Oblast
50%
Komi
49%
Yamalo-Nenets
49%
Mari El
48%
Irkutsk
47%
Lipetsk
46%
Khabarovsk
45%
Kurgan
45%
Magadan
45%
Samara
45%
Zabaykalsky
45%
Bryansk
44%
Voronezh
44%
Yaroslavl
44%
Astrakhan
43%
Rostov
43%
Krasnoyarsk
41%
Leningrad
41%
Murmansk
41%
Saint Petersburg
41%
Kursk
40%
Omsk
40%
Pskov
40%
Kabardino-Balkaria
39%
Stavropol
39%
Perm
38%
Primorsky
38%
Amur
37%
Karachay-Cherkessia
37%
Khakassia
37%
Vladimir
37%
Khanty-Mansi
35%
Novgorod
35%
Belgorod
34%
Tver
34%
Tyumen
34%
Ryazan
33%
Altai Republic
32%
Kemerovo
32%
Kostroma
32%
Penza
32%
Tambov
32%
Tula
32%
Ulyanovsk
32%
Vologda
32%
Novosibirsk
31%
Sverdlovsk
31%
Nizhny Novgorod
30%
Tomsk
30%
Kirov
29%
Altai Krai
27%
Kaluga
27%
Saratov
27%
Smolensk
27%
Ivanovo
26%
Orenburg
25%
Oryol
21%
No matching quizzes found
Score Distribution
Percent of People with Each Score
Percentile by Number Answered
Your Score History
You have not taken this quiz